Libre apellat Felix de les Marauelles del mon. Vol. I / lo qual llibre feu mestre Ramon Llull de Mallorques ... y ha fet estampar per primera vegada en llengua catalana en Geroni Roselló
Descripción Física:
336 p. ; 19 cm
Colección:
Biblioteca Catalana
Otros Autores:
Rosselló, Geroni, 1827-1902
MARC
| LEADER | 00000nam a2200000Ia 4500 | ||
|---|---|---|---|
| 001 | 12868 | ||
| 008 | 160829s9999 xx 000 0 cat d | ||
| 080 | |a R-12-29 | ||
| 100 | |a Llull, Ramon |9 64834 | ||
| 245 | |a Libre apellat Felix de les Marauelles del mon. Vol. I / lo qual llibre feu mestre Ramon Llull de Mallorques ... y ha fet estampar per primera vegada en llengua catalana en Geroni Roselló | ||
| 260 | |a Barcelona : |b Llibreria d'Alvar Verdaguer | ||
| 300 | |a 336 p. ; |c 19 cm | ||
| 490 | |a Biblioteca Catalana | ||
| 590 | |a Procedència : Casa Provincial de Caritat | ||
| 700 | 1 | |a Rosselló, Geroni, |d 1827-1902 |9 29194 | |
| 901 | |a Arxiu | ||
| 942 | |n 1 | ||
| 952 | |0 0 |1 0 |4 0 |6 R1229 |7 1 |9 45098 |a Arxiu |b Arxiu |d 2016-12-01 |l 0 |o R-12-29 |p 12868 |r 2016-12-01 00:00:00 |w 2016-12-01 |y ARXIU | ||
| 999 | |c 47718 |d 47718 | ||